000363184 001__ 363184
000363184 005__ 20251202231127.0
000363184 037__ $$aGSI-2025-01252
000363184 1001_ $$0P:(DE-Ds200)OR10870$$aLudhova, Livia$$b0$$eCorresponding author$$ugsi
000363184 1112_ $$aNeutrino Geoscience 2025$$cKingston$$d2025-10-27 - 2025-10-30$$wCanada
000363184 245__ $$aBorexino Retrospective
000363184 260__ $$c2025
000363184 3367_ $$033$$2EndNote$$aConference Paper
000363184 3367_ $$2DataCite$$aOther
000363184 3367_ $$2BibTeX$$aINPROCEEDINGS
000363184 3367_ $$2ORCID$$aLECTURE_SPEECH
000363184 3367_ $$0PUB:(DE-HGF)31$$2PUB:(DE-HGF)$$aTalk (non-conference)$$btalk$$mtalk$$s1764686581_1495446$$xPlenary/Keynote
000363184 3367_ $$2DINI$$aOther
000363184 536__ $$0G:(DE-HGF)POF4-612$$a612 - Cosmic Matter in the Laboratory (POF4-612)$$cPOF4-612$$fPOF IV$$x0
000363184 909CO $$ooai:repository.gsi.de:363184$$pVDB
000363184 9101_ $$0I:(DE-Ds200)20121206GSI$$6P:(DE-Ds200)OR10870$$aGSI Helmholtzzentrum für Schwerionenforschung GmbH$$b0$$kGSI
000363184 9131_ $$0G:(DE-HGF)POF4-612$$1G:(DE-HGF)POF4-610$$2G:(DE-HGF)POF4-600$$3G:(DE-HGF)POF4$$4G:(DE-HGF)POF$$aDE-HGF$$bForschungsbereich Materie$$lMatter and the Universe$$vCosmic Matter in the Laboratory$$x0
000363184 9141_ $$y2025
000363184 920__ $$lyes
000363184 9201_ $$0I:(DE-Ds200)FFN-20210302OR452$$kFFN$$lFAIR Forschung NRW$$x0
000363184 980__ $$atalk
000363184 980__ $$aVDB
000363184 980__ $$aI:(DE-Ds200)FFN-20210302OR452
000363184 980__ $$aUNRESTRICTED